00358nam a22001337a 4500003000400000008004100004082001400045100002400059245005400083250000900137260003400146300001200180650003200192OSt200714b ||||| |||| 00| 0 eng d a615.6 BAG aBakliwal , Sunil.R  aGlimpose of Novel Vesicular Drug Delivery Systems a2019 aNew DelhibNirali Publication aPg-1.10 aNovel Drug Delivery Systems